000
00327nam a22001337a 4500
008
180302b xxu||||| |||| 00| 0 eng d
020
_a
9780890420256
041
_a
eng
080
_2
4th ed.
_a
616.8
100
_a
7
101
_a
NEU
245
_a
Diagnostic and Statistical Manual of Mental Disorders
_c
APAA
942
_2
udc
_c
BK
999
_c
44083
_d
44083